00744cam a2200229 i 450000100060000000300080000600500170001400800410003102000320007203500190010404000370012304100080016008200370016811000360020524500920024126000230033330000330035649000260038950000320041565000410044783000260048852226BD-RjUL20211209075754.0160907m2011 bg a s f000 0 eng  a9845089607c: Complimentary a(BD-RjUL)52346 aDLCbengcDLCdDLCdBD-RjULerda aeng 223a630.95492021 bMEH 2011 (ZS) aBangladesh Bureau Of Statistics10aCensus of agriculture, 2008 :bZila series, Meherpur /cBangladesh Bureau Of Statistics aDhaka:bBBS,c2011 axvi, 212 p. :bIll. ;c28 cm aZila series, Meherpur aChiefly statistical tables. 0aAgriculturezBangladeshvStatistics. aZila series, Meherpur